000 00932cam a2200217 4500
001 WB3821-03
008 020611n2002 000 0 eng u
035 _a(Sirsi) u118357
245 _aConstruction industry output and employment 2002 Q1
260 _c2002
490 _aDTI Press Release
_v (OEC-Q102) 7 June 2002 (2)
520 _aTotal volume of construction output in the year to the first quarter of 2002 rose by 5% compared to the previous 12 months. Overall new work and repair and maintenance work rose. Employees in employment in January 2002 was 7% higher compared with October 2001. All tables are available from http://www2.dti.gov.uk/construction/stats/070602/pressrel070602.htm
590 _aWB
650 _aCONSTRUCTION OUTPUT
650 _aCONSTRUCTION WORK
650 _aREPAIR WORK
650 _aCONSTRUCTION EMPLOYMENT
650 _aMAINTENANCE WORKS
690 _aBUILT ENVIRONMENT
942 _n0
999 _c70450
_d70450